000 00538nam a2200181Ia 4500
999 _c36903
_d36903
003 OSt
005 20201230110230.0
008 190216s9999||||xx |||||||||||||| ||und||
020 _a9798131705451
040 _coclc
082 _a650.142
_bMID/H
100 _aMiddleton, John
_97966
245 0 _aHigh Impact CVs :
_bMake Your Resume Sensational /
260 _bPearson Education International,
_c2008.
_aNew Delhi:
300 _a255p
650 _aReferences
942 _cBK
_2ddc
_h650.142
_iMID/H
_k650.142
_mMID/H